Geography Quiz

Random Geography or World Quiz

Countries of the World Quiz Stats

 Plays Quiz Updated Aug 5, 2021

Support Sporcle.
Go Orange.
Score 0/197 Timer 15:00
516 Plays Today
% Correct
United States
95.6%
Canada
95.2%
Russia
93.8%
Mexico
93.6%
Brazil
92.7%
United Kingdom
92.4%
China
92.1%
France
92.1%
Australia
92%
Spain
91.7%
Germany
90.7%
Japan
90.4%
Italy
90.4%
India
90.2%
Sweden
88.8%
Chile
88.7%
Iceland
88.7%
Argentina
88.7%
Portugal
88.6%
South Africa
88.1%
Egypt
88.1%
New Zealand
87.3%
Ireland
87%
Norway
86.9%
Finland
86.5%
South Korea
86.3%
North Korea
86.3%
Turkey
85.9%
Iran
85.6%
Iraq
85.5%
Greece
84.9%
Denmark
83.8%
Poland
83.7%
Peru
83.2%
Madagascar
82.5%
Cuba
81.9%
Mongolia
81.9%
Pakistan
81.7%
Niger
80.8%
Austria
80.5%
Switzerland
80.2%
Netherlands
79.4%
Uruguay
79.3%
Israel
79.2%
Paraguay
79.1%
Saudi Arabia
79.1%
Belgium
79.1%
Morocco
78.7%
Afghanistan
78.5%
Thailand
77.9%
Vietnam
77.8%
Indonesia
77.7%
Colombia
77.3%
Nigeria
77.2%
Ukraine
77%
Bolivia
76.4%
Czechia
75.9%
Panama
75.9%
Jamaica
74.9%
Hungary
74.8%
Sudan
74.5%
UAE
74.3%
Latvia
73.8%
Yemen
73.6%
Vatican City
73.5%
Haiti
73.3%
% Correct
Lithuania
73.3%
Venezuela
73.2%
Kenya
72.9%
Slovakia
72.7%
Chad
72.4%
Kazakhstan
72.2%
Nepal
72.1%
Romania
72%
Estonia
71.9%
Ecuador
71.8%
Luxembourg
71.7%
Oman
71.4%
Algeria
71.2%
Syria
71.2%
Jordan
71.1%
Ethiopia
70.8%
Libya
70.6%
Dominica
70.6%
Croatia
70.4%
Laos
70.3%
Sri Lanka
70.2%
Malaysia
69.6%
Costa Rica
69.5%
Cambodia
69.1%
Philippines
68.8%
Zimbabwe
68.8%
Somalia
68.5%
Dem. Rep. of the Congo
68.4%
Honduras
68.3%
Taiwan
68.3%
Slovenia
68%
Andorra
67.9%
Cyprus
67.7%
Monaco
67.6%
Uzbekistan
67.2%
Belarus
67%
Serbia
67%
Bulgaria
66.8%
Bahamas
66.8%
South Sudan
66.7%
Ghana
66.7%
Dominican Republic
66.4%
Fiji
66.4%
Bangladesh
66.1%
Singapore
65.9%
Malta
65.8%
Georgia
65.7%
Albania
65.6%
Tunisia
65.5%
Guatemala
65.3%
Mali
65%
Papua New Guinea
64.9%
Côte d'Ivoire
64.7%
El Salvador
64.3%
Qatar
64.1%
Palestine
63.9%
Guinea
63.8%
Belize
63.7%
Turkmenistan
63.5%
Nicaragua
63.4%
Lebanon
63.2%
Rep. of the Congo
62.6%
Myanmar
62.5%
Uganda
62.5%
Rwanda
62.4%
Guyana
62.1%
% Correct
Kuwait
62%
Zambia
61.8%
North Macedonia
61.7%
Bosnia and Herzegovina
61.4%
Cen. Afr. Rep.
60.8%
Togo
60.1%
Trinidad and Tobago
59.9%
Suriname
59.5%
Armenia
59.5%
Angola
59.4%
Liechtenstein
59.4%
Liberia
59.2%
Moldova
59.1%
Tanzania
58.9%
Barbados
58.9%
Lesotho
58.6%
Eswatini
58.5%
Montenegro
58.5%
Botswana
58.4%
Namibia
58.4%
San Marino
58.1%
Cameroon
57.4%
Azerbaijan
57.3%
Bhutan
57.1%
Kosovo
57%
Senegal
56.6%
Mozambique
56.5%
Maldives
56.2%
Tajikistan
55.6%
Bahrain
55%
Eritrea
54%
Seychelles
53.9%
Djibouti
53.7%
Sierra Leone
53.4%
Samoa
53.3%
The Gambia
53.1%
St. Lucia
52.6%
St. Kitts and Nevis
52.5%
Tonga
52.4%
Kyrgyzstan
52%
Mauritania
51.9%
Mauritius
51.8%
Malawi
51.8%
Benin
51.5%
Marshall Islands
50.9%
Micronesia
50.7%
Equatorial Guinea
50.6%
Brunei
50.1%
Solomon Islands
49.6%
Grenada
49.1%
Guinea-Bissau
48.8%
Gabon
48.6%
St. Vincent-Grenadines
47.5%
Timor-Leste
47.5%
Burundi
47.4%
Cabo Verde
47.3%
Burkina Faso
47%
Antigua and Barbuda
46.2%
Vanuatu
45.1%
Palau
44.8%
Comoros
44.6%
Tuvalu
44.5%
Kiribati
42.3%
Nauru
42.1%
São Tomé and Príncipe
41.7%

Sporcle TV

Playing the Countries of the World Quiz


Watch Holly travel the globe with her brain as she tries to name all the countries!
Remove Ads.
Support Sporcle.
Get the best of Sporcle when you Go Orange. This ad-free experience offers more features, more stats, and more fun while also helping to support Sporcle. Thank you for becoming a member.

Show Comments

Extras

Top Quizzes Today


Score Distribution

Your Account Isn't Verified!

In order to create a playlist on Sporcle, you need to verify the email address you used during registration. Go to your Sporcle Settings to finish the process.

Report this User

Report this user for behavior that violates our Community Guidelines.

Details: